| 000 | 00859nab a2200253 u 4500 | ||
|---|---|---|---|
| 001 | 13633 | ||
| 003 | HDC | ||
| 007 | cr bn ---aaaaa | ||
| 008 | 210213c 0630my dr|nes 0 |0eng | ||
| 040 | _aHDC | ||
| 100 |
_aAzeman Ariffin, _eauthor _914371 |
||
| 245 | 0 |
_aKemasukan Produk Halal Malaysia Ke Indonesia Akan Dipermudahkan / _cby Azeman Ariffin |
|
| 260 |
_a[no place] : _b[publisher not identified], _c[no year] |
||
| 336 |
_atext _2rdacontent |
||
| 337 |
_acomputer _2rdamedia |
||
| 338 |
_aonline resource _2rdacarrier |
||
| 650 |
_aHalal export _96113 |
||
| 650 |
_aHalal product _948 |
||
| 710 | _aBernama | ||
| 856 | _zRequest full-text at [email protected] | ||
| 942 | _2lcc | ||
| 942 | _cNEWS | ||
| 942 | _kNWSO 002911 | ||
| 999 |
_c10949 _d10949 |
||